Building Construction 11th Ed. (Record no. 19129)

MARC details
000 -LEADER
fixed length control field 00429nam a2200169Ia 4500
008 - FIXED-LENGTH DATA ELEMENTS--GENERAL INFORMATION
fixed length control field 221220s9999 xx 000 0 und d
020 ## - INTERNATIONAL STANDARD BOOK NUMBER
ISBN 978-81-318-0428-5
041 ## - LANGUAGE CODE
Language code of text/sound track or separate title
100 ## - MAIN ENTRY--AUTHOR NAME
Personal name B. C. Punmia
245 #0 - TITLE STATEMENT
Title Building Construction 11th Ed.
Statement of responsibility, etc by B. C. Punmia, A. K. Jain
250 ## - EDITION STATEMENT
Edition statement 11th
260 ## - PUBLICATION, DISTRIBUTION, ETC. (IMPRINT)
Name of publisher L. P
Place of publication New Delhi
Year of publication 2021
300 ## - PHYSICAL DESCRIPTION
Number of Pages 626
650 ## - SUBJECT ADDED ENTRY--TOPICAL TERM
Topical Term BE Computer
700 ## - ADDED ENTRY--PERSONAL NAME
Personal name A. K. Jain
942 ## - ADDED ENTRY ELEMENTS (KOHA)
Source of classification or shelving scheme
Koha item type Books
Holdings
Accession Number Cost, normal purchase price Bill Date Source of acquisition Price effective from Koha item type Withdrawn / writtenoff status Materials specified (bound volume or other part) Damaged status Not for loan Permanent Location Current Location Shelving location Date acquired Lost/ Missing status department
BE 24691 589.00 57 ABD, Jammu 12/20/2022 Books   Print     MIET Library, Jammu MIET Library, Jammu 13/4     BE
BE 24692 589.00 57 ABD, Jammu 12/20/2022 Books   Print     MIET Library, Jammu MIET Library, Jammu 13/4     BE
BE 24688 589.00 57 ABD, Jammu 12/20/2022 Books   Print   Not For Loan MIET Library, Jammu MIET Library, Jammu 159/2     BE
BE 24689 589.00 57 ABD, Jammu 12/20/2022 Books   Print     MIET Library, Jammu MIET Library, Jammu 13/4     BE
BE 24690 589.00 57 ABD, Jammu 12/20/2022 Books   Print     MIET Library, Jammu MIET Library, Jammu 13/4     BE